World Capitals Closest to Hanoi - One Minute Sprint - Statistics

General Stats
  • This quiz has been taken 44 times
  • The average score is 12 of 20
Answer Stats
km capital miles % Correct
2325 Beijing 1445
93%
989 Bangkok 614
90%
2038 Kuala Lumpur 1267
90%
3026 Jakarta 1881
83%
1057 Phnom Penh 657
83%
481 Vientiane 299
76%
1753 Manila 1089
73%
2201 Singapore 1368
71%
1667 Taipei 1036
66%
1616 Dhaka 1004
63%
3002 New Delhi 1865
63%
1023 Naypyidaw 636
54%
2733 Seoul 1698
51%
2205 Kathmandu 1370
41%
2045 Bandar Seri Begawan 1271
34%
2757 Pyongyang 1713
34%
1791 Thimphu 1113
32%
2991 Ulaan Baatar 1859
24%
3437 Ngerulmud 2135
20%
3202 Colombo 1989
15%
No matching quizzes found
Score Distribution
Percent of People with Each Score
Percentile by Number Answered
Your Score History
You have not taken this quiz